Κατάλογος Βιβλιοθηκών Mediterranean College

Μαθηματικά Οικονομικής Ανάλυσης. (Record no. 5083)

MARC details
000 -LEADER
fixed length control field 01414cam a22001814a 4500
005 - ΗΜΕΡΟΜΗΝΙΑ ΚΑΙ ΩΡΑ ΤΕΛΕΥΤΑΙΑΣ ΕΝΗΜΕΡΩΣΗΣ
Πεδίο ελέγχου 20250605164204.0
008 - FIXED-LENGTH DATA ELEMENTS--GENERAL INFORMATION
Πεδίο ελέγχου σταθερού μήκους 250528s ||||||||||||||||||||||||d
035 ## - SYSTEM CONTROL NUMBER
System control number 19837
040 ## - ΠΗΓΗ ΚΑΤΑΛΟΓΟΓΡΑΦΗΣΗΣ
Φορέας πρωτότυπης καταλογογράφησης MC Athens Campus Library
Γλώσσα καταλογογράφησης Ελληνικά, Μοντέρνα (1453-)
Modifying agency MC Athens Campus Library
Κανόνες περιγραφικής καταλογογράφησης AACR2
245 1# - ΤΙΤΛΟΣ ΚΑΙ ΔΗΛΩΣΗ ΥΠΕΥΘΥΝΟΤΗΤΑΣ
Τίτλος Μαθηματικά Οικονομικής Ανάλυσης.
Number of part/section of a work Τόμος Α'
260 ## - PUBLICATION, DISTRIBUTION, ETC.
Name of publisher, distributor, etc. Παπαζήση,
Date of publication, distribution, etc. 1992
300 ## - PHYSICAL DESCRIPTION
Extent 628
520 ## - SUMMARY, ETC.
Summary, etc. Πρόλογος, Εισαγωγή, Μαθηματικές Έννοιες και Υποδείγματα, Στατική Ανάλυση (Ανάλυση Ισορροπίας), Στατικά Υποδείγματα, Στοιχεία Γραμμικών Μαθηματικών, Διανυσματικοί Χώροι - Γραμμικοί Μετασχηματισμοί, Συστήματα Γραμμικών Εξισώσεων, Χαρακτηριστικά Μεγέθη Μητρών και Μετασχηματισμών, Γραμμικά Υποδείγματα και Εφαρμογές της Γραμμικής Άλγεβρας, Συγκριτική Στατική Ανάλυση, Παράγωγοί και Διαφορικά, Γενικές Έννοιες και Εφαρμογές στη Συγκριτική Στατική, Παράρτημα, Βιβλιογραφία, Ευρετήριο Όρων.
700 1# - ΠΡΟΣΘΕΤΗ ΑΝΑΓΡΑΦΗ--ΦΥΣΙΚΟ ΠΡΟΣΩΠΟ
Personal name Κορκοτσίδης Αναστάσιος Σ
9 (RLIN) 4696
942 ## - ADDED ENTRY ELEMENTS (KOHA)
Koha item type Books
Holdings
Τύπος τεκμηρίου Βιβλιοθήκη Τρέχουσα τοποθεσία Barcode Αριθμός εισαγωγής Ημερομηνία απόκτησης Ταξιθετικό σύμβολο Αριθμός αντιτύπου Κατάσταση απόσυρσης Κατάσταση χαμένου Κατάσταση κατεστραμμένου Μη δανεισμός Σύνολο δανεισμών Ημερομηνία τελευταίας εμφάνισης Η τιμή ισχύει από
Books MC Athens Campus Library MC Athens Campus Library 9780000050823 5936 05/06/2025 330.0151 KOR V.A 1           05/06/2025 05/06/2025

MC Athens Campus Library
Πατησίων 94 & Κοδριγκτώνος 13, 104 34
Πελλήνης 8 & Πατησίων 107, 112 51
Τ: +30 210 8899600

MC Thessaloniki Campus Library
Ίωνος Δραγούμη 21, 54625 | Ίωνος Δραγούμη 15, 54625
Τ: +30 2310 287779 – Τ: +30 2314 440300